Large countries with the lowest population of Muslims - Statistics

General Stats
  • This quiz has been taken 69 times
  • The average score is 8 of 10
Answer Stats
Total Population Estimated # of Muslims Country % Correct
210,000,000 35,167–1,500,000 Brazil
98%
126,000,000 185,000 Japan
95%
127,000,000 5,500 Mexico
93%
51,635,256 75,000 South Korea
90%
31,237,385 < 1,000 Peru
87%
48,168,996 96,337 Colombia
83%
96,160,163 96,160 Vietnam
73%
25,610,672 3,000 North Korea
63%
38,430,000 6,796 Poland
58%
30,355,880 90,000 Angola
43%
No matching quizzes found
Score Distribution
Percent of People with Each Score
Percentile by Number Answered
Your Score History
You have not taken this quiz